|
|
|
|
| LEADER |
01937nam a2200349 a 4500 |
| 001 |
16941293 |
| 003 |
BD-DhAAL |
| 008 |
130210r20122011nyua 001 0 eng d |
| 999 |
|
|
|c 13176
|d 13176
|
| 010 |
|
|
|a 2011031507
|
| 020 |
|
|
|a 9781259002465
|
| 020 |
|
|
|a 1259002462
|
| 020 |
|
|
|a 9780071606301
|
| 040 |
|
|
|a DLC
|c DLC
|d DLC
|d BD-DhAAL
|
| 082 |
0 |
0 |
|a 005.133
|2 23
|
| 100 |
1 |
|
|a Schildt, Herbert.
|9 3009
|
| 245 |
1 |
0 |
|a Java :
|b the complete reference /
|c Herbert Schildt.
|
| 250 |
|
|
|a 8th edition
|
| 260 |
|
|
|a New York :
|b McGraw-Hill ;
|a New Delhi :
|b Tata McGraw-Hill,
|c c2011.[reprinted 2012]
|
| 300 |
|
|
|a xxx, 1116 pages :
|b illustrations ;
|c 24 cm.
|
| 504 |
|
|
|a Includes index.
|
| 526 |
|
|
|a CSE
|
| 541 |
1 |
|
|e 00026644
|
| 650 |
|
0 |
|a Java (Computer program language)
|9 16788
|
| 650 |
|
0 |
|a Internet programming.
|9 16789
|
| 852 |
1 |
|
|a Ayesha Abed Library
|j General Shelf.
|
| 942 |
0 |
0 |
|0 1
|2 ddc
|c BK
|
| 952 |
|
|
|0 0
|1 0
|2 ddc
|4 0
|6 005_133000000000000_SCH
|7 0
|9 21938
|a BRACUL
|b BRACUL
|c GEN
|d 2013-02-10
|e Karim International
|g 1150.00
|l 34
|m 262
|o 005.133 SCH
|p 3010026644
|q 2023-04-10
|r 2019-10-22
|s 2019-10-22
|t 1
|w 2013-02-10
|y BK
|
| 952 |
|
|
|0 0
|1 0
|2 ddc
|4 0
|6 005_133000000000000_SCH
|7 0
|9 21939
|a BRACUL
|b BRACUL
|c GEN
|d 2013-02-10
|e Karim International
|g 1150.00
|l 36
|m 291
|o 005.133 SCH
|p 3010026645
|r 2025-11-08
|s 2025-10-09
|t 2
|w 2013-02-10
|y BK
|
| 952 |
|
|
|0 0
|1 4
|2 ddc
|4 0
|6 005_133000000000000_SCH
|7 0
|9 21940
|a BRACUL
|b BRACUL
|c GEN
|d 2013-02-10
|e Karim International
|g 1150.00
|l 26
|m 229
|o 005.133 SCH
|p 3010026646
|r 2019-02-19
|s 2019-01-20
|t 3
|w 2013-02-10
|y BK
|x Koha Inventory 2020
|
| 952 |
|
|
|0 0
|1 0
|2 ddc
|4 0
|6 005_133000000000000_SCH
|7 0
|9 57250
|a BRACUL
|b BRACUL
|c GEN
|d 2015-12-14
|e Trim Education
|g 681.00
|l 43
|m 236
|o 005.133 SCH
|p 3010030710
|r 2026-03-04
|s 2026-03-01
|t 4
|w 2015-12-14
|y BK
|
| 952 |
|
|
|0 0
|1 0
|2 ddc
|4 0
|6 005_133000000000000_SCH
|7 0
|9 57251
|a BRACUL
|b BRACUL
|c GEN
|d 2015-12-14
|e Trim Education
|g 681.00
|l 26
|m 200
|o 005.133 SCH
|p 3010030711
|q 2026-04-21
|r 2025-08-17
|s 2025-08-17
|t 5
|w 2015-12-14
|y BK
|